| 000 | 00368nam a2200145Ia 4500 | ||
|---|---|---|---|
| 008 | 230312s9999||||xx |||||||||||||| ||und|| | ||
| 020 | _a93-325-1862-9 | ||
| 082 |
_a621.382 _bDOR-M |
||
| 100 | _aDorf;Rochard.C | ||
| 245 | 0 | _aModern Control Systems | |
| 260 |
_bPearson _aIndia _c2014 |
||
| 300 | _a1043 | ||
| 650 |
_aEngineering _vElectrical Engineering |
||
| 942 | _cBK | ||
| 999 |
_c10737 _d10737 |
||